Stav klasifikovanosti výchovných predmetov v okrese Žilina

Bibliographic Details
Main Author: Furták, Ján (Author)
Format: Article
Language:Slovak
Subjects:

MARC

LEADER 00000nab a2200000 a 4500
001 vtls000497236
003 SK-MaSNL
005 20260305025439.0
008 140302c1993 xo 0 slo
015 |a SNBRB19rr/mm-uuuuu 
035 |a CL0497374 
040 |a SNKBUCL  |b slo  |c SNKBUCL  |e AACR2 
041 0 |a slo 
044 |a xo  |c SK 
080 |a 371.279.7:372.862/.796  |2 1981 
080 |a 372.862/.796  |2 1981 
080 |a 373.3  |2 1981 
100 1 |a Furták, Ján  |4 aut  |9 892385 
245 1 0 |a Stav klasifikovanosti výchovných predmetov v okrese Žilina  |c Ján Furták 
650 0 7 |a predmety výchovné  |2 snkbucl  |9 990706 
650 0 7 |a klasifikácia (pedag.)  |2 snkbucl  |9 987712 
650 0 7 |a žiaci  |2 snkbucl  |9 16621 
650 0 7 |a školy základné  |2 snkbucl  |9 390867 
651 7 |a Žilina (Slovensko : okres)  |2 snkbucl  |9 56327 
655 7 |a články z novín a časopisov  |2 snkbucl  |9 267496 
773 0 |t Učiteľské noviny  |g Roč. 43, č. 28 (1993), s. 4 
850 |a Slovenská národná knižnica v Martine  |a MTA001 
852 |a SNK  |b KIS3GCP 
957 |a 5313 
958 |a RK 
992 |a RBX 
999 |c 3305739  |d 3307669